BIBLIOTHÈQUE DE LA MAISON DU MEXIQUE

Logo 1 Logo 2

El sacrificio humano entre los mexicas (notice nᵒ 10614)

détails MARC
000 -Sello discográfico
campo de control de longitud fija 01034nam a2200361 4500
005 - Identificación de versión
campo de control 20251125210459.0
010 ## - Número Estándar Internacional de Libros (ISBN)
Número (ISBN) 9681644263
035 ## - Otros números de control del sistema
Número de control del sistema 17074
099 ## - fechas locales
Tipo de ítem Koha LIBRO
100 ## - Datos de procesamiento general
Datos de procesamiento general 20040116d19881985m y1spay5003 ba
101 ## - Idioma del recurso
Idioma del texto, banda sonora, etc. Español; Castellano
105 ## - Campo de datos codificados: Material textual, monográfico
Datos codificados de monografía a 001zy
200 1# - Título y mención de responsabilidad
Título propio El sacrificio humano entre los mexicas
Designación general del material texto impreso
Primer mención de responsabilidad Yólotl González Torres
205 ## - Declaración de edición
Declaración de edición 1a reimpr de la 1a ed
210 ## - Publicación, distribución, etc.
Lugar de publicación, distribución, etc. México
Nombre del editor, distribuidor, etc. Instituto Nacional de Antropología e Historia
-- Fondo de Cultura Económica
Fecha de publicación, distribución, etc. 1988
215 ## - Descripción física
Designación de material específico y extensión del ítem 329 p
Otras características físicas il.
Dimensiones 21 cm
318 ## - Nota de acción
Acción No se presta a domicilio
345 ## - Nota de información de adquisición
Fuente de adquisición/dirección de la suscripción [OBSOLETO] Donación
410 #1 - Series
Título Sección de Obras de Antropología
606 ## - Término temático usado como materia
Elemento de entrada Aztecas
Subdivisión temática Religión y mitología
Número Koha 846
660 ## - Código de área geográfica
Código MX
676 ## - Clasificación Decimal Dewey
Número R972.01 G64s
700 ## - Nombre personal - Responsabilidad primaria
Elemento de entrada González Torres
Parte del nombre distinta del elemento de entrada Yólotl
Fechas 1932-
Número Koha 6308
801 #0 - Fuente de origen
País FR
Agencia cm
Reglas de catalogación (convenciones descriptivas) AFNOR
942 ## - ELEMENTOS DE ENTRADA SECUNDARIOS (KOHA)
Tipo de ítem Koha Livre

Pas d'exemplaire disponible.